English for Competitive Examinations ( S.Y.B.A. ) (Record no. 367536)

MARC details
000 -LEADER
fixed length control field 00358nam a22001337a 4500
005 - DATE AND TIME OF LATEST TRANSACTION
control field 20250828124708.0
008 - FIXED-LENGTH DATA ELEMENTS--GENERAL INFORMATION
fixed length control field 250828b |||||||| |||| 00| 0 eng d
041 ## - LANGUAGE CODE
Language code of text/sound track or separate title Eng.
100 ## - MAIN ENTRY--PERSONAL NAME
Author Kulkarni, Anand & Others
245 ## - TITLE STATEMENT
Title English for Competitive Examinations ( S.Y.B.A. )
260 ## - PUBLICATION, DISTRIBUTION, ETC.
Place of publication, distribution, etc. Pune
Name of publisher, distributor, etc. Vaibhav Book House
300 ## - PHYSICAL DESCRIPTION
Extent 299
942 ## - ADDED ENTRY ELEMENTS (KOHA)
Koha item type Books
Holdings
Withdrawn status Lost status Source of classification or shelving scheme Damaged status Not for loan Home library Current library Date acquired Vendor Cost, normal purchase price Bill number Total Checkouts Barcode Date due Date last seen Date last checked out Bill Date Koha item type Original Barcode
    Dewey Decimal Classification     Shri Siddhivinayak Mahila Mahavidyalaya Shri Siddhivinayak Mahila Mahavidyalaya 28/08/2025 Vaibhav book House 200.00 1967 1 SSMM-BK-33533 04/10/2025 04/09/2025 04/09/2025 25/08/2020 Books 010033533
    Dewey Decimal Classification     Shri Siddhivinayak Mahila Mahavidyalaya Shri Siddhivinayak Mahila Mahavidyalaya 28/08/2025 Vaibhav book House 200.00 1967   SSMM-BK-33534   28/08/2025   25/08/2020 Books 010033534
    Dewey Decimal Classification     Shri Siddhivinayak Mahila Mahavidyalaya Shri Siddhivinayak Mahila Mahavidyalaya 28/08/2025 Vaibhav book House 200.00 1967   SSMM-BK-33535   28/08/2025   25/08/2020 Books 010033535
    Dewey Decimal Classification     Shri Siddhivinayak Mahila Mahavidyalaya Shri Siddhivinayak Mahila Mahavidyalaya 28/08/2025 Vaibhav book House 200.00 1967   SSMM-BK-33536   28/08/2025   25/08/2020 Books 010033536
    Dewey Decimal Classification     Shri Siddhivinayak Mahila Mahavidyalaya Shri Siddhivinayak Mahila Mahavidyalaya 28/08/2025 Vaibhav book House 200.00 1967   SSMM-BK-33537   28/08/2025   25/08/2020 Books 010033537